Rethinking hospitality and tourism education: Disruptors and transformations (Record no. 395695)
[ view plain ]
| 000 -LEADER | |
|---|---|
| fixed length control field | 00725 a2200241 4500 |
| 005 - DATE & TIME | |
| control field | 20260402143207.0 |
| 008 - FIXED-LENGTH DATA ELEMENTS--GENERAL INFORMATION | |
| fixed length control field | 260402b |||||||| |||| 00| 0 eng d |
| 020 ## - ISBN | |
| International Standard Book Number | 9781845419424 |
| Price | £ 39.95 |
| 040 ## - CATALOGING SOURCE | |
| Original cataloging agency | VIVEKANANDA LIBRARY |
| 082 ## - DDC NUMBER | |
| Classification number | 338.4791071 |
| Book Number | F214R |
| 100 ## - MAIN ENTRY--PERSONAL NAME | |
| Personal name | Fang, Marcela, ed. |
| 245 ## - TITLE STATEMENT | |
| Title | Rethinking hospitality and tourism education: Disruptors and transformations |
| 260 ## - PUBLICATION, DISTRIBUTION, ETC. (IMPRINT) | |
| Name of publisher, distributor, etc | Channel View Publications |
| Date of publication, distribution, etc | 2025 |
| Place of publication, distribution, etc | Bristol |
| 300 ## - PHYSICAL DESCRIPTION | |
| Pages | xxi, 331 |
| 440 ## - Series Statement | |
| Series Title | Aspects of tourism: 01 |
| 650 ## - Subject | |
| Subject | Hotel Management |
| 650 ## - Subject | |
| Subject | Production- Service Industries |
| 650 ## - Subject | |
| Subject | Tourism Industry |
| 700 ## - Added Entry Personal Name | |
| Added Entry Personal Name | Williams, Kim, ed |
| 700 ## - Added Entry Personal Name | |
| Added Entry Personal Name | Morrison, Alison, ed. |
| 700 ## - Added Entry Personal Name | |
| Added Entry Personal Name | Harkison, Tracy, ed. |
| 942 ## - ADDED ENTRY ELEMENTS (KOHA) | |
| Koha item type | Books |
| Withdrawn status | Lost status | Source of classification or shelving scheme | Damaged status | Not for loan | Location (home branch) | Sublocation or collection (holding branch) | Shelving location | Date acquired | Koha issues (times borrowed) | Koha full call number | Accession No. | Koha date last seen | Koha item type |
|---|---|---|---|---|---|---|---|---|---|---|---|---|---|
| Dewey Decimal Classification | VIVEKANANDA LIBRARY | VIVEKANANDA LIBRARY | IHTM Library | 02/02/2026 | 338.4791071 F214R | 425236 | 02/02/2026 | Books |
